О влиянии структуры "горячих" частиц на условия зажигания жидких топлив; Пожаровзрывобезопасность; Т. 19, № 11
| Parent link: | Пожаровзрывобезопасность.— , 1992- Т. 19, № 11.— 2010.— [С. 9-11] |
|---|---|
| Autor principal: | |
| Outros Autores: | , |
| Resumo: | Заглавие с экрана Излагаются результаты экспериментального исследования закономерностей зажигания жидких топлив (керосин, дизельное топливо и мазут) одиночной, нагретой до высоких температур частицей, образующейся при сварке. Проведено сравнение времени задержки зажигания исследуемых пожароопасных веществ монолитными (сфера и диск) и пористой частицами. Установлено, что время задержки зажигания дистиллятных топлив частицами, образовавшимися при сварке металлов, существенно меньше, чем при зажигании этих же топлив монолитными частицами. Режим доступа: по договору с организацией-держателем ресурса |
| Idioma: | russo |
| Publicado em: |
2010
|
| Assuntos: | |
| Acesso em linha: | http://elibrary.ru/item.asp?id=16338459 |
| Formato: | Recurso Electrónico Capítulo de Livro |
| KOHA link: | https://koha.lib.tpu.ru/cgi-bin/koha/opac-detail.pl?biblionumber=640538 |
MARC
| LEADER | 00000naa0a2200000 4500 | ||
|---|---|---|---|
| 001 | 640538 | ||
| 005 | 20250305130046.0 | ||
| 035 | |a (RuTPU)RU\TPU\network\5097 | ||
| 035 | |a RU\TPU\network\4997 | ||
| 090 | |a 640538 | ||
| 100 | |a 20150420d2010 k||y0rusy50 ca | ||
| 101 | 0 | |a rus | |
| 102 | |a RU | ||
| 135 | |a drcn ---uucaa | ||
| 181 | 0 | |a i | |
| 182 | 0 | |a b | |
| 200 | 1 | |a О влиянии структуры "горячих" частиц на условия зажигания жидких топлив |f Г. В. Кузнецов, А. В. Захаревич, В. И. Максимов | |
| 203 | |a Текст |c электронный | ||
| 300 | |a Заглавие с экрана | ||
| 320 | |a [Библиогр.: с. 11 (4 назв.)] | ||
| 330 | |a Излагаются результаты экспериментального исследования закономерностей зажигания жидких топлив (керосин, дизельное топливо и мазут) одиночной, нагретой до высоких температур частицей, образующейся при сварке. Проведено сравнение времени задержки зажигания исследуемых пожароопасных веществ монолитными (сфера и диск) и пористой частицами. Установлено, что время задержки зажигания дистиллятных топлив частицами, образовавшимися при сварке металлов, существенно меньше, чем при зажигании этих же топлив монолитными частицами. | ||
| 333 | |a Режим доступа: по договору с организацией-держателем ресурса | ||
| 461 | |t Пожаровзрывобезопасность |d 1992- | ||
| 463 | |t Т. 19, № 11 |v [С. 9-11] |d 2010 | ||
| 610 | 1 | |a электронный ресурс | |
| 610 | 1 | |a труды учёных ТПУ | |
| 610 | 1 | |a пожарная безопасность | |
| 610 | 1 | |a возгорания | |
| 610 | 1 | |a жидкости | |
| 700 | 1 | |a Кузнецов |b Г. В. |c специалист в области теплоэнергетики |c профессор Томского политехнического университета, доктор физико-математических наук |f 1949- |g Гений Владимирович |3 (RuTPU)RU\TPU\pers\25528 |9 11458 | |
| 701 | 1 | |a Захаревич |b А. В. |c специалист в области теплоэнергетики |c доцент Томского политехнического университета, кандидат физико-математических наук |f 1980- |g Аркадий Владимирович |3 (RuTPU)RU\TPU\pers\25515 |9 11451 | |
| 701 | 1 | |a Максимов |b В. И. |c специалист в области теплотехники |c доцент Томского политехнического университета, кандидат технических наук |f 1977- |g Вячеслав Иванович |3 (RuTPU)RU\TPU\pers\25530 |9 11460 | |
| 801 | 2 | |a RU |b 63413507 |c 20150420 |g RCR | |
| 856 | 4 | |u http://elibrary.ru/item.asp?id=16338459 | |
| 942 | |c CF | ||